000 00744nam a2200241Ia 4500
003 OSt
005 20220923224403.0
006 a|||||r|||| 00| 0
007 ta
008 Pun
024 _a231,861
037 _cTextual
040 _aARTS
_cARTS
_bPun
041 _2Pun
_aPun
082 _aO153:g, M1
100 _aਲਾਂਬਾ, ਗੋਬਿੰਦ ਸਿੰਘ
245 0 _aਪੰਜਾਬੀ ਹਥ ਲਿਖਤ ਸਾਹਿਤ
260 _aਪਟਿਆਲਾ
_b ਅਮਰਜੀਤ ਸਾਹਿਤ ਪ੍ਰਕਾFਨ
_c1981
300 _a204ਪੰ
_ccm.
650 _aਪੰਜਾਬੀ ਸਾਹਿਤ
942 _hO153:g, M1
_cTEXL
_2CC
999 _c371095
_d371095